000
003130000a22001450004500
003
MACL
040
_a
MACL
090
_c
41776
_d
41774
100
_a
Woodroffe, Sir John
245
_a
The World as Power
260
_b
Shivalik Publication
_c
2008
350
_a
750
650
_a
Philosophy
942
_c
BOOK
_k
100/WOO
999
_c
41333
_d
41333